00369nam a2200097Ia 4500008004100000100001800041245008400059260005300143650001400196856006100210160909s9999 xx 000 0 und d aAlharbi, Eman aCharacterize the Difficulties that International Computer Science Students Face bUniversity of Colorado at Colorado Springsc2016 aEDUC/SPED uhttp://pqdtopen.proquest.com/doc/1786281280.html?FMT=ABS